Mester
| Autor Corporativo: | |
|---|---|
| Formato: | Electrónico Revista |
| Lenguaje: | portugués español inglés |
| Publicado: |
[Los Angeles]
[Dept. of Spanish and Portuguese, University of California]
|
| Materias: | |
| Acceso en línea: | Full text available from Research Library: 01/01/2017 to present |
MARC
| LEADER | 00000nas a2200000 4500 | ||
|---|---|---|---|
| 001 | ssj0000650169 | ||
| 003 | WaSeSS | ||
| 005 | 20200512172242.0 | ||
| 006 | m d | ||
| 007 | cr n | ||
| 008 | 751101d19702010cauar p s s0 b0por c | ||
| 010 | |a sf 77000145 | ||
| 016 | 7 | |a 000267593 |2 IsJJNL | |
| 016 | 7 | |a 011760072 |2 Uk | |
| 022 | |l 0160-2764 |y 0160-2764 | ||
| 030 | |a MEEREX | ||
| 035 | |a (WaSeSS)ssj0000650169 | ||
| 037 | |b Mester, Dept. of Spanish and Portuguese, University of California, Los Angeles, CA 90024 | ||
| 040 | |a MUL |b eng |c MUL |d YUS |d DLC |d NSD |d OCL |d AIP |d NSD |d DLC |d NSD |d OCL |d MUL |d NST |d DLC |d CAS |d NST |d IXA |d TXA |d DLC |d OCLCQ |d CUS |d OCLCQ |d CUS |d INU |d J9U |d UKMGB |d CUS |d UPM |d OCLCA |d OCLCQ |d OCLCA |d OCLCF |d OCLCO |d LIP |d XFH |d QE2 |d OCLCQ |d WaSeSS | ||
| 041 | 0 | |a por |a spa |a eng | |
| 042 | |a pcc |a nsdp | ||
| 043 | |a cl----- |a e-sp--- | ||
| 050 | 0 | 0 | |a PQ6170 |b .M47 |
| 050 | 1 | 4 | |a AP62 |b .M4 |
| 082 | 1 | |a 860 |2 11 | |
| 210 | 0 | |a Mester |b (Los Angel.) | |
| 222 | 0 | |a Mester |b (Los Angeles) | |
| 245 | 0 | 0 | |a Mester |h [electronic resource]. |
| 260 | |a [Los Angeles] |b [Dept. of Spanish and Portuguese, University of California] | ||
| 310 | |a Annual, |b 1997- | ||
| 321 | |a Semiannual, |b -1996 | ||
| 362 | 0 | |a v. 1- abr. 1970- | |
| 362 | 1 | |a Ceased in print format with v. 39 in 2010. | |
| 500 | |a "A ... journal devoted to the Hispanic literatures." | ||
| 506 | |a License restrictions may limit access. | ||
| 546 | |a In Spanish, Portuguese or English. | ||
| 650 | 0 | |a Spanish literature |x History and criticism |v Periodicals. | |
| 650 | 0 | |a Portuguese literature |x History and criticism |v Periodicals. | |
| 650 | 0 | |a Latin American literature |x History and criticism |v Periodicals. | |
| 650 | 7 | |a Latin American literature. |2 fast |0 (OCoLC)fst00993031 | |
| 650 | 7 | |a Portuguese literature. |2 fast |0 (OCoLC)fst01072577 | |
| 650 | 7 | |a Spanish literature. |2 fast |0 (OCoLC)fst01128568 | |
| 655 | 0 | |a Electronic journals. | |
| 710 | 2 | |a University of California, Los Angeles. |b Department of Spanish and Portuguese. | |
| 850 | |a DLC |a IaAS |a MiU |a NRU |a OU |a TxCM |a TxU | ||
| 853 | 2 | 0 | |8 1 |a v. |i (year) |w a |
| 856 | 4 | 0 | |z Full text available from Research Library: 01/01/2017 to present |u https://search.proquest.com/publication/4379558 |
| 863 | 4 | 1 | |8 1.1 |a 26 |i 1997 |